[Event "Montcalm op"]
[Site "Quebec CAN"]
[Date "2004.01.11"]
[Round "4"]
[White "Tremblay, Rejean"]
[Black "Beaudoin, Stephane"]
[Result "1-0"]
[WhiteElo "2200"]
[BlackElo "2026"]
[PlyCount "55"]
[GameId "2160767911208885"]
[EventDate "2004.01.09"]
[EventType "swiss"]
[EventRounds "5"]
[EventCountry "CAN"]
[SourceTitle "EXT 2006"]
[Source "ChessBase"]
[SourceDate "2005.11.24"]
[SourceVersion "1"]
[SourceVersionDate "2005.11.24"]
[SourceQuality "1"]

1. d4 Nf6 2. c4 c5 3. d5 e6 4. Nc3 exd5 5. cxd5 d6 6. g3 g6 7. Bg2 Bg7 8. Nf3 O-O 9. O-O Na6 10. Nd2 Rb8 11. a4 b6 12. Nc4 Qe7 13. Bf4 Rd8 14. Nb5 Ne8 15. a5 Nb4 16. axb6 a6 17. Na7 Bf5 18. Nc6 Qf6 19. Nxb8 Rxb8 20. e4 Bd7 21. e5 Qf5 22. e6 fxe6 23. Nxd6 Qf8 24. Nxe8 Rxe8 25. dxe6 Bxe6 26. Bd6 Qf5 27. b7 Qxf2+ 28. Rxf2 1-0

[Event "Montcalm op"]
[Site "Quebec CAN"]
[Date "2004.01.11"]
[Round "5"]
[White "Caire, Francois"]
[Black "Sauve, Richard"]
[Result "1/2-1/2"]
[WhiteElo "2075"]
[BlackElo "1960"]
[PlyCount "51"]
[GameId "2160767911208886"]
[EventDate "2004.01.09"]
[EventType "swiss"]
[EventRounds "5"]
[EventCountry "CAN"]
[SourceTitle "EXT 2006"]
[Source "ChessBase"]
[SourceDate "2005.11.24"]
[SourceVersion "1"]
[SourceVersionDate "2005.11.24"]
[SourceQuality "1"]

1. d4 e6 2. c4 d5 3. Nf3 c6 4. e3 Nf6 5. Nc3 Nbd7 6. Qc2 a6 7. b3 b5 8. Bb2 Bb7 9. c5 Be7 10. b4 Qc7 11. Bd3 h6 12. Ne2 a5 13. a3 axb4 14. axb4 Rxa1+ 15. Bxa1 O-O 16. O-O Ra8 17. Bc3 Qb8 18. Ng3 Ra7 19. Qb2 Qa8 20. Ra1 Rxa1+ 21. Qxa1 Qxa1+ 22. Bxa1 Ne8 23. Nd2 Nc7 24. Bc3 Bd8 25. Nb3 Na6 26. Nf1 1/2-1/2

[Event "Montcalm op"]
[Site "Quebec CAN"]
[Date "2004.01.11"]
[Round "5"]
[White "Carrier, Claude"]
[Black "Beaudoin, Stephane"]
[Result "1-0"]
[WhiteElo "1729"]
[BlackElo "2026"]
[PlyCount "95"]
[GameId "2160767911208887"]
[EventDate "2004.01.09"]
[EventType "swiss"]
[EventRounds "5"]
[EventCountry "CAN"]

1. e4 g6 2. d4 Bg7 3. Nc3 d6 4. Be3 c6 5. f4 Qb6 6. Qd2 Nf6 7. h3 Qxb2 8. Rb1 Qa3 9. Be2 Qa5 10. e5 dxe5 11. fxe5 Nd5 12. Nxd5 Qxd2+ 13. Kxd2 cxd5 14. Bf3 O-O 15. c4 e6 16. cxd5 exd5 17. Bxd5 Rd8 18. Bxb7 Bxb7 19. Rxb7 Bxe5 20. Nf3 Bg7 21. Rc1 Nd7 22. Rcc7 Ne5 23. Nxe5 Bxe5 24. Rxf7 Bxd4 25. Bxd4 Rxd4+ 26. Ke3 Rh4 27. Rg7+ Kh8 28. Rxa7 Rxa7 29. Rxa7 Kg8 30. a4 h5 31. a5 Ra4 32. a6 g5 33. Ra8+ Kg7 34. a7 g4 35. h4 Kh7 36. Kd3 Kg7 37. Kc3 Kh7 38. Kb3 Ra1 39. Kc4 Rc1+ 40. Kd5 Rd1+ 41. Ke6 Ra1 42. Rd8 Ra6+ 43. Rd6 Ra5 44. Rd7+ Kg6 45. Ke7 g3 46. Kd8 Kf5 47. Kc8 Ke4 48. Re7+ 1-0

[Event "Montcalm op"]
[Site "Quebec CAN"]
[Date "2004.01.11"]
[Round "5"]
[White "Champetier, Serge"]
[Black "Audet-Bouchard, Nicolas"]
[Result "1/2-1/2"]
[WhiteElo "1975"]
[BlackElo "2185"]
[PlyCount "39"]
[GameId "2160767911208888"]
[EventDate "2004.01.09"]
[EventType "swiss"]
[EventRounds "5"]
[EventCountry "CAN"]

1. d4 Nf6 2. Bg5 c5 3. d5 Qb6 4. Bc1 g6 5. g3 Bg7 6. Bg2 O-O 7. Nh3 d6 8. O-O e6 9. Nc3 exd5 10. Nxd5 Nxd5 11. Qxd5 Nc6 12. Nf4 Ne7 13. Qb3 Bf5 14. Qxb6 axb6 15. c3 Ra7 16. Rd1 Rd8 17. Nd5 Nxd5 18. Bxd5 Be6 19. Bf4 Bf8 20. a3 1/2-1/2

[Event "Montcalm op"]
[Site "Quebec CAN"]
[Date "2004.01.11"]
[Round "5"]
[White "Drolet, Stephane"]
[Black "Lessard, Claude"]
[Result "0-1"]
[WhiteElo "2122"]
[BlackElo "1980"]
[PlyCount "54"]
[GameId "2160767911208889"]
[EventDate "2004.01.09"]
[EventType "swiss"]
[EventRounds "5"]
[EventCountry "CAN"]
[SourceTitle "EXT 2006"]
[Source "ChessBase"]
[SourceDate "2005.11.24"]
[SourceVersion "1"]
[SourceVersionDate "2005.11.24"]
[SourceQuality "1"]

1. Nf3 Nf6 2. c4 d5 3. cxd5 Nxd5 4. b3 Nc6 5. Bb2 e5 6. Nxe5 Nxe5 7. Bxe5 Qg5 8. Bb2 Be6 9. g3 O-O-O 10. h4 Qg6 11. Nc3 Nb4 12. Rc1 Bd6 13. h5 Qxg3 14. Ne4 Qf4 15. Bg2 Rhe8 16. Kf1 Bg4 17. Rc4 Nd3 18. Nxd6+ Qxd6 19. Rxg4 Nxb2 20. Qb1 Qxd2 21. Bf3 g6 22. Kg2 Nd1 23. hxg6 hxg6 24. Rc4 Rxe2 25. Rxd1 Rxf2+ 26. Kg1 Qe3 27. Rxc7+ Kxc7 0-1

[Event "Montcalm op"]
[Site "Quebec CAN"]
[Date "2004.01.11"]
[Round "5"]
[White "Tessier, Olivier"]
[Black "Tremblay, Rejean"]
[Result "1/2-1/2"]
[WhiteElo "2112"]
[BlackElo "2200"]
[PlyCount "83"]
[GameId "2160767911208891"]
[EventDate "2004.01.09"]
[EventType "swiss"]
[EventRounds "5"]
[EventCountry "CAN"]
[SourceTitle "EXT 2006"]
[Source "ChessBase"]
[SourceDate "2005.11.24"]
[SourceVersion "1"]
[SourceVersionDate "2005.11.24"]
[SourceQuality "1"]

1. c4 g6 2. g3 Bg7 3. Bg2 d6 4. Nc3 e5 5. d3 f5 6. h4 Nf6 7. Bg5 h6 8. Bxf6 Bxf6 9. Qd2 Nc6 10. Rb1 a5 11. a3 Bg7 12. b4 axb4 13. axb4 Nd4 14. e3 Ne6 15. Nge2 O-O 16. f4 Re8 17. O-O exf4 18. exf4 Nd4 19. Nxd4 Bxd4+ 20. Kh2 c6 21. Rbe1 Bd7 22. Rxe8+ Qxe8 23. Re1 Qf7 24. Ne2 Bf6 25. Ng1 Kg7 26. Nf3 Re8 27. c5 Qf8 28. d4 Be6 29. Qe3 Bf7 30. Qc3 dxc5 31. bxc5 Rxe1 32. Qxe1 Qd8 33. Qe3 Bd5 34. Ne5 Bxg2 35. Kxg2 Qd5+ 36. Kf2 Qa2+ 37. Kf3 Qd5+ 38. Kf2 Qa2+ 39. Kf3 h5 40. Qc3 Qd5+ 41. Kf2 Qa2+ 42. Kf3 1/2-1/2

[Event "Montcalm-ch"]
[Site "Quebec CAN"]
[Date "2004.04.29"]
[Round "1"]
[White "Lessard, Claude"]
[Black "Caire, Francois"]
[Result "0-1"]
[WhiteElo "2007"]
[BlackElo "2075"]
[PlyCount "56"]
[GameId "2160767911166637"]
[EventDate "2004.04.29"]
[EventType "tourn"]
[EventRounds "5"]
[EventCountry "CAN"]

1. d4 Nf6 2. Nf3 b6 3. g3 e6 4. Bg2 Bb7 5. O-O Be7 6. c4 O-O 7. Nc3 d5 8. Ne5 Nbd7 9. cxd5 Nxd5 10. Nxd5 exd5 11. f4 c5 12. e3 a6 13. Bd2 Nf6 14. g4 Ne4 15. Bxe4 dxe4 16. g5 cxd4 17. Qg4 Bc5 18. b4 dxe3 19. bxc5 exd2 20. c6 Qd4+ 21. Kh1 Bc8 22. Qe2 a5 23. Rg1 Ba6 24. Qh5 e3 25. Nd7 Qe4+ 26. Rg2 e2 27. Nf6+ gxf6 28. gxf6+ Kh8 0-1

[Event "Montcalm-ch"]
[Site "Quebec CAN"]
[Date "2004.05.13"]
[Round "3"]
[White "Perreault, Jacquelin"]
[Black "Audet-Bouchard, Nicolas"]
[Result "1-0"]
[WhiteElo "1745"]
[BlackElo "2110"]
[PlyCount "81"]
[GameId "2160767911166638"]
[EventDate "2004.04.29"]
[EventType "tourn"]
[EventRounds "5"]
[EventCountry "CAN"]

1. e4 c5 2. Nf3 Nc6 3. d4 cxd4 4. Nxd4 e5 5. Nb5 a6 6. Nd6+ Bxd6 7. Qxd6 Qf6 8. Qd1 Qg6 9. Nc3 Nf6 10. Be3 Nxe4 11. Nxe4 Qxe4 12. c3 O-O 13. Qd2 d5 14. Bd3 Qxg2 15. O-O-O d4 16. Bh6 dxc3 17. bxc3 Qh3 18. Bxg7 Bf5 19. Bxf5 Qxf5 20. Rhg1 f6 21. Qd5+ Rf7 22. Bxf6+ Kf8 23. Qd6+ Re7 24. Bxe7+ Nxe7 25. Qh6+ Ke8 26. Qd6 Rc8 27. Qd2 Qf3 28. Rg8+ Nxg8 29. Qd7+ Kf8 30. Qxc8+ Kg7 31. Rg1+ Kh6 32. Qxg8 Qxc3+ 33. Kd1 Qd3+ 34. Ke1 Qb1+ 35. Ke2 Qe4+ 36. Kf1 Qb1+ 37. Kg2 Qe4+ 38. Kh3 Qf5+ 39. Qg4 Qd3+ 40. Rg3 Qf1+ 41. Kh4 1-0

[Event "Montcalm-ch"]
[Site "Quebec CAN"]
[Date "2004.05.27"]
[Round "5"]
[White "Auger, Bertrand"]
[Black "Caire, Francois"]
[Result "1/2-1/2"]
[WhiteElo "2007"]
[BlackElo "2075"]
[PlyCount "44"]
[GameId "2160767911166639"]
[EventDate "2004.04.29"]
[EventType "tourn"]
[EventRounds "5"]
[EventCountry "CAN"]

1. b4 c6 2. Bb2 a5 3. a3 axb4 4. axb4 Rxa1 5. Bxa1 Qb6 6. c3 d5 7. d3 e5 8. Nd2 Nf6 9. Qb1 Bf5 10. e4 Bg6 11. Be2 Nbd7 12. Ngf3 Be7 13. O-O O-O 14. h3 Kh8 15. Nh4 dxe4 16. Nxg6+ hxg6 17. dxe4 c5 18. b5 Qc7 19. c4 Bd6 20. Rd1 Rd8 21. Nf1 Nf8 22. Ne3 Ne6 1/2-1/2

[Event "Monteregie-A"]
[Site "Sainte-Hyacinthe CAN"]
[Date "2004.11.06"]
[Round "1"]
[White "Bolduc, Steve"]
[Black "Rivest, Jean-Michel"]
[Result "1-0"]
[WhiteElo "2266"]
[BlackElo "1910"]
[PlyCount "62"]
[GameId "2160767911052657"]
[EventDate "2004.11.06"]
[EventType "swiss"]
[EventRounds "5"]
[EventCountry "CAN"]

1. d4 d5 2. Nf3 Nf6 3. c4 c6 4. e3 e6 5. Nbd2 Nbd7 6. b3 Bd6 7. Bb2 Qe7 8. Ne5 Ba3 9. Bxa3 Qxa3 10. Bd3 O-O 11. O-O Qd6 12. f4 c5 13. Qf3 b6 14. Rac1 Bb7 15. Bc2 Rab8 16. dxc5 Qxc5 17. Qh3 Rbd8 18. Bb1 h6 19. Kh1 d4 20. b4 Qxb4 21. Nb3 dxe3 22. Qxe3 Nc5 23. Nd4 Rd6 24. Nf5 Qb2 25. Qg3 Nh5 26. Nxh6+ Kh8 27. Nexf7+ Rxf7 28. Nxf7+ Kg8 29. Nh6+ Kf8 30. Qg6 gxh6 31. Qxh6+ Ng7 1-0

[Event "Monteregie-A"]
[Site "Sainte-Hyacinthe CAN"]
[Date "2004.11.06"]
[Round "1"]
[White "Boulay, David"]
[Black "Benoit, Sebastien"]
[Result "1-0"]
[WhiteElo "2056"]
[BlackElo "1731"]
[PlyCount "107"]
[GameId "2160767911052658"]
[EventDate "2004.11.06"]
[EventType "swiss"]
[EventRounds "5"]
[EventCountry "CAN"]

1. e4 c5 2. Nf3 d6 3. d4 cxd4 4. Nxd4 Nf6 5. Nc3 a6 6. Bc4 e6 7. Bb3 Nc6 8. Be3 Be7 9. Rg1 Na5 10. g4 Nxb3 11. cxb3 h5 12. h3 Qa5 13. Qd2 hxg4 14. hxg4 Nxg4 15. O-O-O Nxe3 16. Qxe3 g5 17. Kb1 Bd7 18. Nf3 Rh3 19. Rh1 Rxh1 20. Rxh1 O-O-O 21. Rh7 Be8 22. a3 g4 23. b4 Qc7 24. Nh2 d5 25. exd5 exd5 26. Ne2 d4 27. Nxd4 Bf6 28. Nb3 Rd1+ 29. Ka2 Ba4 30. Nxg4 Qc2 31. Qc5+ Qxc5 32. Nxc5 Bc2 33. Rxf7 Bd4 34. Rf8+ Kc7 35. Ne6+ Kb6 36. Nxd4 Rxd4 37. Ne3 Be4 38. Re8 Bc6 39. Rf8 Kb5 40. Rf5+ Kb6 41. f4 Re4 42. Nd1 Bd7 43. Rf6+ Be6+ 44. Kb1 Kc7 45. Nc3 Re1+ 46. Kc2 Kd7 47. f5 Bc4 48. b3 Ke7 49. Rb6 Bf7 50. Rxb7+ Kf6 51. Rb6+ Kxf5 52. Rxa6 Bg6 53. b5 Kg5+ 54. Rxg6+ 1-0

[Event "Monteregie-A"]
[Site "Sainte-Hyacinthe CAN"]
[Date "2004.11.06"]
[Round "2"]
[White "Campbell, Martin-Alexandre"]
[Black "Boulay, David"]
[Result "0-1"]
[WhiteElo "1800"]
[BlackElo "2056"]
[PlyCount "58"]
[GameId "2160767911052660"]
[EventDate "2004.11.06"]
[EventType "swiss"]
[EventRounds "5"]
[EventCountry "CAN"]

1. d4 Nf6 2. c4 g6 3. Nc3 Bg7 4. e4 d6 5. Bf4 O-O 6. Nf3 Nh5 7. Be3 c6 8. Qd2 a6 9. Be2 Nd7 10. h3 b5 11. a3 Bb7 12. Bh6 Qb6 13. Bxg7 Nxg7 14. h4 e5 15. dxe5 Nxe5 16. Nxe5 dxe5 17. h5 Ne6 18. O-O-O Rad8 19. Qh6 Qc7 20. Bg4 Nd4 21. hxg6 fxg6 22. Rh3 Rxf2 23. Rdh1 Rf7 24. Kb1 Bc8 25. Rh4 Bxg4 26. Rxg4 Qd6 27. Qg5 Qe6 28. Qd2 Rf1+ 29. Nd1 Qxg4 0-1

[Event "Monteregie-A"]
[Site "Sainte-Hyacinthe CAN"]
[Date "2004.11.06"]
[Round "2"]
[White "Papineau (Granby), Daniel"]
[Black "Bolduc, Steve"]
[Result "1/2-1/2"]
[WhiteElo "2027"]
[BlackElo "2266"]
[PlyCount "85"]
[GameId "2160767911052661"]
[EventDate "2004.11.06"]
[EventType "swiss"]
[EventRounds "5"]
[EventCountry "CAN"]

1. d4 Nf6 2. c4 e6 3. Nc3 Bb4 4. f3 c5 5. d5 d6 6. e4 e5 7. Bd3 Bxc3+ 8. bxc3 O-O 9. Ne2 Re8 10. g4 Nxg4 11. fxg4 Bxg4 12. Be3 Bf3 13. Rf1 Qh4+ 14. Kd2 Bxe4 15. Qe1 Qxe1+ 16. Raxe1 Bxd3 17. Kxd3 e4+ 18. Kc2 Nd7 19. Bf4 Ne5 20. Bxe5 Rxe5 21. Ng3 Rae8 22. Nf5 Rd8 23. Rf4 f6 24. Rexe4 g6 25. Ng3 f5 26. Re2 Kg7 27. Ref2 Rde8 28. Kd2 Kf6 29. h4 h5 30. R4f3 b5 31. Kd3 bxc4+ 32. Kxc4 Rb8 33. Rf4 a6 34. Ne4+ Ke7 35. Ng5 Rb1 36. Nf3 Re3 37. Ng5 Rc1 38. Ne4 Rxe4+ 39. Rxe4+ fxe4 40. Rf4 Rg1 41. Rxe4+ Kd7 42. Re6 Rg4+ 43. Kb3 1/2-1/2

[Event "Monteregie-A"]
[Site "Sainte-Hyacinthe CAN"]
[Date "2004.11.06"]
[Round "3"]
[White "Benoit, Sebastien"]
[Black "Cloutier, Alain"]
[Result "1-0"]
[WhiteElo "1731"]
[BlackElo "1624"]
[PlyCount "59"]
[GameId "2160767911052663"]
[EventDate "2004.11.06"]
[EventType "swiss"]
[EventRounds "5"]
[EventCountry "CAN"]

1. e4 e6 2. d4 d5 3. Nc3 Bb4 4. e5 c5 5. a3 Bxc3+ 6. bxc3 Nc6 7. Qg4 Kf8 8. Nf3 Qc7 9. Bd2 Nge7 10. h4 h5 11. Qf4 Ng6 12. Qe3 c4 13. Ng5 Nce7 14. g4 hxg4 15. h5 Nf5 16. Qe2 f6 17. exf6 Nf4 18. Bxf4 Qxf4 19. fxg7+ Nxg7 20. h6 Qxg5 21. hxg7+ Kxg7 22. Rxh8 Kxh8 23. Qe5+ Qxe5+ 24. dxe5 Bd7 25. Be2 Rg8 26. Kd2 Rg5 27. Rg1 Rxe5 28. Bxg4 Rg5 29. f3 e5 30. Rh1+ 1-0

[Event "Monteregie-A"]
[Site "Sainte-Hyacinthe CAN"]
[Date "2004.11.06"]
[Round "3"]
[White "Boulay, David"]
[Black "Bolduc, Steve"]
[Result "0-1"]
[WhiteElo "2056"]
[BlackElo "2266"]
[PlyCount "106"]
[GameId "2160767911052664"]
[EventDate "2004.11.06"]
[EventType "swiss"]
[EventRounds "5"]
[EventCountry "CAN"]

1. e4 c5 2. Nc3 Nc6 3. g3 g6 4. Bg2 Bg7 5. d3 d6 6. Nge2 e6 7. O-O Nge7 8. Be3 Nd4 9. Rb1 O-O 10. Qd2 Rb8 11. Nf4 b5 12. Nce2 b4 13. c3 Nxe2+ 14. Nxe2 Qb6 15. Rbc1 bxc3 16. bxc3 Nc6 17. Rfd1 Ba6 18. f4 Rfd8 19. Bf2 Qb2 20. Rc2 Qa3 21. Bf3 c4 22. d4 Nb4 23. Rb2 Nd3 24. Rbb1 Bb5 25. Rf1 e5 26. fxe5 dxe5 27. d5 Nxf2 28. Kxf2 Bf8 29. Kg2 Rb6 30. h4 Rdb8 31. Qg5 f6 32. Qd2 Bd7 33. Ra1 Rb2 34. Qc1 Qa5 35. Kh1 Qb6 36. Ng1 Bc5 37. Bg2 Kg7 38. Nf3 Be3 39. Qd1 Qa5 40. Qe1 Bc5 41. Qc1 Qa4 42. h5 Qc2 43. Qxc2 Rxc2 44. Rab1 Rxb1 45. Rxb1 Bb6 46. Bf1 Bg4 47. Nh2 Be2 48. hxg6 hxg6 49. d6 Kf7 50. d7 Ke7 51. Bxe2 Rxe2 52. Ng4 Rxe4 53. Nxf6 Re2 0-1

[Event "Monteregie-A"]
[Site "Sainte-Hyacinthe CAN"]
[Date "2004.11.07"]
[Round "5"]
[White "Bolduc, Steve"]
[Black "Tessier, Olivier"]
[Result "1-0"]
[WhiteElo "2266"]
[BlackElo "2156"]
[PlyCount "63"]
[GameId "2160767911052667"]
[EventDate "2004.11.06"]
[EventType "swiss"]
[EventRounds "5"]
[EventCountry "CAN"]

1. d4 c5 2. d5 e5 3. c4 f5 4. e4 d6 5. exf5 Bxf5 6. Bd3 Bxd3 7. Qxd3 g6 8. h4 Bh6 9. Bxh6 Nxh6 10. Nf3 Qf6 11. Nc3 Nf5 12. Ne4 Qe7 13. h5 Na6 14. a3 O-O-O 15. O-O-O Kb8 16. Rh3 Nd4 17. Rdh1 Nxf3 18. gxf3 g5 19. h6 Rhg8 20. Rg1 Rg6 21. Rhg3 Rdg8 22. Qe3 Rxh6 23. Rxg5 Rhg6 24. Rxg6 Rxg6 25. Rxg6 hxg6 26. Qh6 Nc7 27. Qxg6 Ne8 28. Kd2 a6 29. Ke2 b5 30. b3 Kc7 31. Qg8 Kb7 32. Qxe8 1-0

[Event "Monteregie-B"]
[Site "Sainte-Hyacinthe CAN"]
[Date "2004.11.06"]
[Round "1"]
[White "Duplessis, Jean-Roch"]
[Black "Paquette, Benoit"]
[Result "0-1"]
[WhiteElo "1741"]
[BlackElo "1538"]
[PlyCount "97"]
[GameId "2160767911052669"]
[EventDate "2004.11.06"]
[EventType "swiss"]
[EventRounds "5"]
[EventCountry "CAN"]

1. e4 d6 2. f4 Nf6 3. Nc3 g6 4. Nf3 Bg7 5. Be2 c5 6. O-O Nc6 7. d3 O-O 8. Nd5 e6 9. Ne3 Nd4 10. c4 Rb8 11. Nxd4 cxd4 12. Ng4 h5 13. Nxf6+ Bxf6 14. f5 exf5 15. exf5 b5 16. Bxh5 Bxf5 17. Bh6 Re8 18. g4 Be6 19. Rf2 Kh7 20. Qf3 Kxh6 21. Qxf6 Qxf6 22. Rxf6 Kg7 23. Rf4 gxh5 24. Rxd4 bxc4 25. dxc4 hxg4 26. b3 Red8 27. Rad1 Rbc8 28. R1d2 Rc6 29. Kf2 f5 30. Kg3 Kf6 31. Kf4 Rd7 32. R2d3 Ra6 33. c5 Rxa2 34. Rxd6 Rf2+ 35. Kg3 Rf3+ 36. Rxf3 gxf3 37. Rxd7 Bxd7 38. Kxf3 Kg5 39. b4 Bc6+ 40. Ke3 Kg4 41. h3+ Kxh3 42. Kf4 Bd7 43. Ke5 Kg4 44. Kd6 Bb5 45. c6 Bxc6 46. Kxc6 f4 47. Kb7 f3 48. Kxa7 f2 49. b5 0-1

[Event "Monteregie-B"]
[Site "Sainte-Hyacinthe CAN"]
[Date "2004.11.06"]
[Round "1"]
[White "Lewis, Patrick"]
[Black "Archambault, Serge"]
[Result "0-1"]
[WhiteElo "1527"]
[BlackElo "1682"]
[PlyCount "48"]
[GameId "2160767911052670"]
[EventDate "2004.11.06"]
[EventType "swiss"]
[EventRounds "5"]
[EventCountry "CAN"]

1. e4 c5 2. Nf3 Nc6 3. d4 cxd4 4. Nxd4 e5 5. Nb5 d6 6. c4 a6 7. N5a3 Nf6 8. Nc3 Be7 9. Be2 O-O 10. Nc2 Be6 11. O-O Rc8 12. Be3 Na5 13. b3 b5 14. Nd5 Bxd5 15. cxd5 Nxe4 16. Bd3 Nc3 17. Qf3 g6 18. Bh6 Re8 19. Rfc1 e4 20. Bxe4 Nxe4 21. Qxe4 Bf6 22. Qd3 Bxa1 23. Rxa1 Qf6 24. Rc1 g5 0-1

[Event "Monteregie-B"]
[Site "Sainte-Hyacinthe CAN"]
[Date "2004.11.06"]
[Round "2"]
[White "Archambault, Serge"]
[Black "Bedard, Michel"]
[Result "1-0"]
[WhiteElo "1682"]
[BlackElo "1547"]
[PlyCount "67"]
[GameId "2160767911052671"]
[EventDate "2004.11.06"]
[EventType "swiss"]
[EventRounds "5"]
[EventCountry "CAN"]

1. d4 d5 2. c4 c6 3. cxd5 cxd5 4. Nc3 Nf6 5. Nf3 Bf5 6. g3 e6 7. Bg2 Bb4 8. O-O Bxc3 9. bxc3 O-O 10. Qb3 Qc8 11. Nh4 Bg6 12. Bg5 Nbd7 13. Nxg6 hxg6 14. Rac1 Nb6 15. Bxf6 gxf6 16. e4 Nc4 17. Rfd1 Rd8 18. exd5 exd5 19. Rc2 Rd6 20. Re1 Qd7 21. Rce2 Rb6 22. Qc2 Rb2 23. Qd3 Rxe2 24. Rxe2 Rc8 25. Qf3 Qa4 26. Re1 Re8 27. Ra1 Qc2 28. Qxf6 Qxc3 29. Rf1 Re1 30. Bxd5 Rxf1+ 31. Kxf1 Nd2+ 32. Ke2 Qc7 33. Qxg6+ Kf8 34. Qh6+ 1-0

[Event "Monteregie-B"]
[Site "Sainte-Hyacinthe CAN"]
[Date "2004.11.06"]
[Round "3"]
[White "Rozybakiyev, Ilchin"]
[Black "Archambault, Serge"]
[Result "1/2-1/2"]
[WhiteElo "1600"]
[BlackElo "1682"]
[PlyCount "106"]
[GameId "2160767911052672"]
[EventDate "2004.11.06"]
[EventType "swiss"]
[EventRounds "5"]
[EventCountry "CAN"]

1. e4 c5 2. Nf3 Nc6 3. d4 cxd4 4. Nxd4 e5 5. Nb5 d6 6. N1c3 a6 7. Na3 Nf6 8. Bg5 Be7 9. Bxf6 Bxf6 10. Nd5 O-O 11. Nc4 Bg5 12. Ncb6 Rb8 13. c3 Be6 14. Be2 Bxd5 15. Nxd5 Ne7 16. O-O Nxd5 17. Qxd5 Qb6 18. b3 Rbc8 19. c4 Qc6 20. Rfd1 Qxd5 21. Rxd5 Be7 22. Bg4 Rc5 23. Rxc5 dxc5 24. Rd1 Rb8 25. Rd7 Kf8 26. Kf1 b5 27. cxb5 axb5 28. Ra7 b4 29. Be2 g6 30. Bd3 h6 31. Ke2 Rb6 32. Ra8+ Kg7 33. Re8 Rb7 34. Rc8 Ra7 35. Bb1 Rd7 36. Ra8 Bg5 37. Bd3 Be7 38. f3 Rc7 39. Bc4 Rd7 40. Bd5 Rc7 41. Kd3 Bg5 42. Kc4 Be3 43. a3 bxa3 44. Rxa3 Bd4 45. Ra6 h5 46. h3 h4 47. Ra2 Kh6 48. Ra8 Kg7 49. Re8 f6 50. Rg8+ Kh6 51. Rh8+ Rh7 52. Rf8 Kg5 53. Rg8 Kh6 1/2-1/2

[Event "Monteregie-B"]
[Site "Sainte-Hyacinthe CAN"]
[Date "2004.??.??"]
[Round "4"]
[White "Dao, Huy Hao"]
[Black "Archambault, Serge"]
[Result "0-1"]
[WhiteElo "1600"]
[BlackElo "1682"]
[PlyCount "64"]
[GameId "2160767911052673"]
[EventDate "2004.11.06"]
[EventType "swiss"]
[EventRounds "5"]
[EventCountry "CAN"]
[SourceTitle "EXT 2006"]
[Source "ChessBase"]
[SourceDate "2005.11.24"]
[SourceVersion "1"]
[SourceVersionDate "2005.11.24"]
[SourceQuality "1"]

1. d4 g6 2. c4 Bg7 3. Nc3 c6 4. e4 d6 5. Nf3 f5 6. Bd3 fxe4 7. Bxe4 Nf6 8. Bc2 Na6 9. O-O Qc7 10. Bf4 Bg4 11. h3 Bxf3 12. Qxf3 O-O-O 13. d5 Rhf8 14. Qe2 Nb4 15. Ba4 Nfxd5 16. Nxd5 Nxd5 17. cxd5 Rxf4 18. Bb3 c5 19. Rfd1 Rdf8 20. Rac1 Qd7 21. Rd2 Kb8 22. f3 R4f5 23. Re1 Re5 24. Qd1 Rg5 25. Kh1 Be5 26. Re4 Rf4 27. Bc4 b5 28. Bf1 Rgf5 29. b3 Qb7 30. a4 bxa4 31. bxa4 Rf8 32. Qc1 Rxe4 0-1

[Event "Monteregie-B"]
[Site "Sainte-Hyacinthe CAN"]
[Date "2004.11.07"]
[Round "5"]
[White "Archambault, Serge"]
[Black "Duplessis, Jean-Roch"]
[Result "1/2-1/2"]
[WhiteElo "1682"]
[BlackElo "1741"]
[PlyCount "66"]
[GameId "2160767911052675"]
[EventDate "2004.11.06"]
[EventType "swiss"]
[EventRounds "5"]
[EventCountry "CAN"]

1. d4 c5 2. Nf3 cxd4 3. Nxd4 Nc6 4. e3 e5 5. Nb5 a6 6. Nd6+ Bxd6 7. Qxd6 Qe7 8. Qxe7+ Ngxe7 9. Bd2 d5 10. Be2 O-O 11. Nc3 Be6 12. O-O Rac8 13. Rac1 e4 14. Na4 Ne5 15. b3 b5 16. Nb2 N7c6 17. a4 Bg4 18. Bxg4 Nxg4 19. axb5 axb5 20. c4 bxc4 21. bxc4 d4 22. exd4 Nxd4 23. Kh1 Nb3 24. Rcd1 Nxd2 25. Rxd2 Rc6 26. h3 e3 27. fxe3 Nxe3 28. Rc1 Rfc8 29. Rd3 Nf5 30. Kh2 h5 31. Rc2 Nd6 32. Rdc3 Nb5 33. Rd3 Nd6 1/2-1/2

[Event "Montreal CC ch"]
[Site "Montreal CAN"]
[Date "2004.01.23"]
[Round "1"]
[White "Basque, Roland"]
[Black "Rivest, Jean-Michel"]
[Result "1-0"]
[WhiteElo "2148"]
[BlackElo "1866"]
[PlyCount "51"]
[GameId "2160767911192239"]
[EventDate "2004.01.23"]
[EventType "swiss"]
[EventRounds "5"]
[EventCountry "CAN"]

1. e4 c5 2. Nf3 Nc6 3. d4 cxd4 4. Nxd4 Nf6 5. Nc3 e5 6. Ndb5 d6 7. Bg5 a6 8. Na3 b5 9. Bxf6 gxf6 10. Nd5 f5 11. Bd3 Be6 12. O-O Bxd5 13. exd5 Ne7 14. Nxb5 Qb6 15. Na3 Qxb2 16. Nc4 Qb4 17. c3 Qc5 18. Qa4+ Kd8 19. Na5 Ra7 20. Rab1 Kc7 21. Qe8 Nxd5 22. Rb8 Bg7 23. Rc8+ Kb6 24. Rb1+ Kxa5 25. Rxc5+ dxc5 26. Rb5+ 1-0

[Event "Montreal CC ch"]
[Site "Montreal CAN"]
[Date "2004.01.23"]
[Round "1"]
[White "Bolduc, Steve"]
[Black "Malek, Omid"]
[Result "1-0"]
[WhiteElo "2336"]
[BlackElo "1917"]
[PlyCount "91"]
[GameId "2160767911192240"]
[EventDate "2004.01.23"]
[EventType "swiss"]
[EventRounds "5"]
[EventCountry "CAN"]

1. d4 Nf6 2. c4 e6 3. Nc3 Bb4 4. e3 O-O 5. Nge2 d5 6. a3 Be7 7. cxd5 exd5 8. g3 Nbd7 9. Bg2 Nb6 10. O-O Bf5 11. f3 Bg6 12. g4 h6 13. Nf4 Bh7 14. b3 a5 15. Nd3 c6 16. Ra2 Ne8 17. f4 f5 18. Ne5 Nd6 19. Bh3 Qe8 20. Rg2 fxg4 21. Bxg4 Bf6 22. Bh5 Qe7 23. Bg6 Bxe5 24. Bxh7+ Kxh7 25. dxe5 Nf5 26. Qd3 Nd7 27. Kh1 Nc5 28. Qc2 Ne6 29. e4 dxe4 30. Nxe4 Kh8 31. Qb1 Rad8 32. Rfg1 Ned4 33. Bb2 Nf3 34. Nf6 N3h4 35. Rxg7 Qxg7 36. Rxg7 Kxg7 37. Nd7 Kh7 38. e6 Ng6 39. Kg1 h5 40. Nf6+ Kh6 41. Qxf5 Rd1+ 42. Kf2 Rd2+ 43. Ke3 Rxb2 44. Qg5+ Kg7 45. Nxh5+ Kh7 46. f5 1-0

[Event "Montreal CC ch"]
[Site "Montreal CAN"]
[Date "2004.01.23"]
[Round "1"]
[White "Lawson, Eric"]
[Black "Paduano, Gennaro"]
[Result "1-0"]
[WhiteElo "2352"]
[BlackElo "2000"]
[PlyCount "72"]
[GameId "2160767911192242"]
[EventDate "2004.01.23"]
[EventType "swiss"]
[EventRounds "5"]
[EventCountry "CAN"]

1. d4 g6 2. e4 Bg7 3. Nc3 d6 4. f4 c6 5. Nf3 Bg4 6. Be3 d5 7. e5 h5 8. h3 Bxf3 9. Qxf3 Qd7 10. Bd3 Nh6 11. Bf2 Na6 12. a3 Nc7 13. Rg1 Ne6 14. g4 hxg4 15. hxg4 g5 16. f5 Nf4 17. O-O-O O-O-O 18. Bf1 Nxf5 19. gxf5 Qxf5 20. Ne2 Nxe2+ 21. Bxe2 Qxf3 22. Bxf3 f6 23. Bg4+ Kc7 24. Bg3 Kb6 25. Rh1 fxe5 26. Bxe5 Bxe5 27. dxe5 Kc5 28. b4+ Kb6 29. Kd2 Rdf8 30. Rdf1 a5 31. Rxf8 Rxf8 32. Rh7 axb4 33. axb4 Rf4 34. Be2 Rxb4 35. Rxe7 c5 36. Bd3 Kc6 1-0